00772nam a2200253 a 4500001001300000003000900013005001700022008004100039020001000080082001700090100002300107245004700130260005400177300000900231500003500240505002000275650003300295650002400328700002300352902000800375942000700383952011300390999001500503nice12345678IN_TiNIC20260116011738.0050524s1953 hyda grp 000 0 urd  ac2.500a297.297bAHM aAhmad, Sufi Nazeer aAsbat Deen Insani Yani Communism Awr Islam aHyderabad bMarkazi Anjuman Taleemus Salat c1953 a339p aincludes index and biblioraphy2 aglossary, index aPolemics-Muslim Vs Communism aCommunism and Islam1 aAhmad, Sufi Nazeer bSRS cBK 001040708StackRoom-aHMIbHMId2007-07-26g2.50l0o297.297 AHMp08603r2007-07-26v2.50w2005-05-24yBK c3656d3656